<?xml version="1.0" encoding="UTF-8"?>
<marc:record xmlns:marc="http://www.loc.gov/MARC21/slim">
   <marc:leader>00000nam a2200000 a 4500</marc:leader>
   <marc:datafield ind1="1" ind2=" " tag="100">
      <marc:subfield code="a">Kuczera, Xenia</marc:subfield>
      <marc:subfield code="4">aut</marc:subfield>
      <marc:subfield code="e">Verfasser/-in</marc:subfield>
   </marc:datafield>
   <marc:datafield ind1=" " ind2=" " tag="653">
      <marc:subfield code="a">Weihnacht</marc:subfield>
   </marc:datafield>
   <marc:datafield ind1=" " ind2=" " tag="653">
      <marc:subfield code="a">Basteln</marc:subfield>
   </marc:datafield>
   <marc:datafield ind1=" " ind2=" " tag="653">
      <marc:subfield code="a">Herbst</marc:subfield>
   </marc:datafield>
   <marc:datafield ind1="0" ind2="0" tag="245">
      <marc:subfield code="a">Natürlich dekoriert</marc:subfield>
   </marc:datafield>
   <marc:datafield ind1="0" ind2="0" tag="245">
      <marc:subfield code="b">Herbst, Winter &amp; Weihnachten</marc:subfield>
   </marc:datafield>
   <marc:datafield ind1=" " ind2="1" tag="264">
      <marc:subfield code="b">CV</marc:subfield>
      <marc:subfield code="c">2017</marc:subfield>
   </marc:datafield>
   <marc:datafield ind1="1" ind2=" " tag="520">
      <marc:subfield code="a">VERLAGSTEXT: / / Mit Naturmaterial im Herbst, Winter und zu Weihnachten eine besondere Stimmung in den eigenen vier Wänden zaubern? Kein Problem, denn die Schätze der Natur sind vielfältig und abwechslungsreich! Stimmungsvolle Windlichter, ein rustikaler Adventskranz oder dekorative Tannenbäumchen - aus Zweigen, Tannenzapfen, Steinen, Blättern, Moos und vielen anderen Naturmaterialien entstehen eindrucksvolle Deko-Objekte. Ausführliche Anleitungen machen den Einstieg auch für Bastelanfänger ganz einfach und inspirieren zu eigenen, individuellen Kreationen. /</marc:subfield>
   </marc:datafield>
   <marc:datafield ind1="3" ind2=" " tag="024">
      <marc:subfield code="a">9783838836560</marc:subfield>
   </marc:datafield>
</marc:record>
